Grammaire grecque (Registro nro. 71988)
[ vista simple ]
| 000 -ENCABEZADO | |
|---|---|
| Número de control [NR] | 02068nam a2200313Ia 4500 |
| 005 - FECHA Y HORA DE LA ÚLTIMA TRANSACCIÓN | |
| control field | 20180425113316.0 |
| 008 - DE LONGITUD FIJA DE DATOS DE ELEMENTOS - INFORMACIÓN GENERAL | |
| Elementos de longitud fija [NR] | 130821n fr fr 1 mul d |
| 040 ## - FUENTE DE CATALOGACION [NR] | |
| Agencia de catalogación original [NR] | Co-BoUCM |
| Idioma de catalogación [NR] | spa |
| Quien Cataloga | Sandra Yazo |
| Quien Clasifica | Sandra Yazo |
| 041 0# - CODIGO DE IDIOMA [R] | |
| Código de idioma para texto/pista de sonido o título separado [R] | Francés |
| -- | Griego |
| 082 04 - NUMERO DE CLASIFICACION DECIMAL DEWEY [R] | |
| Número de clasificación [R] | 485 |
| Número de la edición [NR] | 20 |
| 092 ## - SIGNATURA TOPOGRAFICA LOCAL | |
| Número de clasificación local | E08N043 |
| 100 1# - ASIENTO PRINCIPAL--NOMBRE PERSONAL [NR] | |
| Nombre personal [NR] | Chassang, Alexis |
| Fechas asociadas con el nombre [NR] | 1827-1888 |
| ID Autoridad | 63613 |
| 242 00 - TRADUCCION DEL TITULO POR LA AGENCIA CATALOGADORA [R] | |
| Título [NR] | Gramática griega |
| Parte restante del título [NR] | según el método comparativo-histórico ... curso superior |
| Mención de responsabilidad, etc. [NR] | por A Chassang ; Revisada y corregida por P. Clairin. |
| Código de idioma del título traducido [NR] | spa |
| 245 10 - MENCION DE TITULO [NR] | |
| Título [NR] | Grammaire grecque |
| Parte restante del título [NR] | D'après la méthode comparative et historique ... Cours supérieur |
| Mención de responsabilidad, etc. [NR] | par A. Chassang ... ; Revue et modifiée par P. Clairin ... |
| 250 ## - MENCION DE EDICION [NR] | |
| Mención de edición [NR] | Septième édition [Séptima edición] |
| 260 ## - PUBLICACION, DISTRIBUCION, ETC. (PIE DE IMPRENTA) [R] | |
| Lugar de publicación, distribución, etc. [R] | París (Francia) |
| Nombre del editor, distribuidor, etc. [R] | Garnier Frères [Garnier hermanos] ; Typ. Chamerot et Renouard [Imprenta de Chamerot y Renouard] |
| Fecha de publicación, distribución, etc. [R] | [fecha desconocida] |
| 300 ## - DESCRIPCION FISICA [R] | |
| Extensión [R] | xv, 372, 110-117 páginas |
| Otros detalles físicos [NR] | tablas |
| Dimensiones [R] | 22 x 13 cm. |
| 500 ## - NOTA GENERAL [R] | |
| Nota general [NR] | Detalles físicos: Encuadernación rígida (holandesa) en cartón forrado en papel. Lomo con tejuelo de papel. Tapa delantera con datos de publicación impresos, enmarcados en orla decorativa. Guardas. Portada impresa en una sola tinta. Texto impreso en una columna con varios tipos y tamaños de letra. Tablas entre el texto. Párrafos numerados. Notas al pie de página. Papel con algunas manchas |
| 500 ## - NOTA GENERAL [R] | |
| Nota general [NR] | En la tapa delantera indica: Nouvelle édition [última edición] |
| 505 1# - NOTA DE CONTENIDO CON FORMATO PREESTABLECIDO [R] | |
| Nota de contenido con formato preestablecido [NR] | Parte 1 - 3: Morfología: Nociones preliminares ; Declinaciones ; Pronombres ; Adjetivos ; Determinantes ; Conjugaciones ; Adverbios ; Los casos ; Proposiciones simples y compuestas ; Participio absoluto ; Dialectos ; Palabras invariables -- Sintaxis -- Nociones complementarias |
| 506 ## - NOTA DE RESTRICCIONES DE ACCESO [R] | |
| Condiciones de acceso [NR] | Consulta en sala |
| 546 ## - NOTA DE IDIOMA [R] | |
| Nota de idioma [NR] | Texto en francés y en griego |
| 650 #7 - ASIENTO SECUNDARIO DE MATERIA - TERMINO TEMATICO [R] | |
| Término temático o nombre geográfico como elemento de entrada [NR] | Filología griega |
| 9 (RLIN) | 15720 |
| 650 #7 - ASIENTO SECUNDARIO DE MATERIA - TERMINO TEMATICO [R] | |
| Término temático o nombre geográfico como elemento de entrada [NR] | Griego |
| Subdivisión general [R] | Enseñanza |
| 9 (RLIN) | 16537 |
| 650 #7 - ASIENTO SECUNDARIO DE MATERIA - TERMINO TEMATICO [R] | |
| Término temático o nombre geográfico como elemento de entrada [NR] | Griego |
| Subdivisión general [R] | Gramática |
| 9 (RLIN) | 16537 |
| 690 ## - ASUNTO AGREGADO LOCAL DE ENTRADA - TÉRMINO TEMÁTICO (OCLC, RLIN) | |
| Acceso temático local | Lingüística aplicada |
| 9 (RLIN) | 439 |
| 700 1# - ASIENTO SECUNDARIO - NOMBRE PERSONAL [R] | |
| Nombre personal [NR] | Clairin, Paul |
| Término de relación [R] | editor |
| 9 (RLIN) | 63614 |
| Fechas asociadas con el nombre [NR] | 1846-1922 |
| 942 ## - ELEMENTOS DE ENTRADA AGREGADOS (KOHA) | |
| Tipo de ítem principal el descrito en 300a | Libro |
| Tema principal | 12 |
| Edición | 7 |
| Sistema de clasificación | LOCAL |
| Clasificación | E08N043 |
| Suprimido | Perdido | Sistema de clasificación | Dañado | No prestable | Tipo de ítem específico | Ubicación habitual | Ubicación actual | Localización | Fecha de creación | Forma de adquisición | Costo | Total préstamos | Signatura topográfica | Código de barras | Última vez visto | Ejemplar | Price effective from | Tipo de ítem |
|---|---|---|---|---|---|---|---|---|---|---|---|---|---|---|---|---|---|---|
| LOCAL | Libro archivo | Archivo Histórico | Archivo Histórico | Archivo histórico | 08/08/2014 | Donación | 0.00 | E08N043 | L001253 | 15/12/2012 | Ej.1 | 03/02/2013 | Libro | |||||
| LOCAL | Libro archivo | Archivo Histórico | Archivo Histórico | Archivo histórico | 08/08/2014 | Donación | 0.00 | E08N043 | L001254 | 15/12/2012 | Ej.2 | 03/02/2013 | Libro |